000 00681cab a2200241 4500
001 WB3415-05
008 090401t1998 xxu||||| |||| 00| 0 eng d
035 _a(Sirsi) u85595
041 _aeng
245 _aYoung taskforce
260 _c1998
350 _a0
490 _aBuilding
_v263(15) 9 April 1998, 9(1)
520 _aThe Construction Confederation has set up a taskforce of under-40s to consider the likely structure of the industry in 2010.
650 _aCONSTRUCTION CONFEDERATION
650 _aCONSTRUCTION INDUSTRY
650 _aFORECASTS
650 _aFUTURE
650 _aTASKFORCE
690 _aBUILT ENVIRONMENT
942 _n0
948 _c15/04/1998
999 _c53822
_d53822